| 000 | 00582nam a2200169 4500 | ||
|---|---|---|---|
| 001 | 143186 | ||
| 003 | ES-MaACL | ||
| 005 | 20230906200739.0 | ||
| 007 | t| | ||
| 008 | 070214s1940 sp r ||||1| spa d | ||
| 100 | 1 |
_aSemionov, Iurii Nikolaevich. _9105386 |
|
| 245 | 1 | 4 |
_aLas riquezas de la tierra _b: geografía económica al alcance de todos / _cIurii Nikolaevich Semionov ; traducción de Francisco Payarols. |
| 260 |
_aBarcelona : _bLabor, _c1940. |
||
| 300 |
_aIX, 549 p. : _bil. ; _c23 cm. |
||
| 700 | 1 |
_aPayarols, Francisco. _989715 |
|
| 852 |
_aES-MaACL _jF-15256 _bR.18926 |
||
| 999 |
_c143186 _d143186 |
||